[Event "Bundesliga 9900"]
[Site "Deutschland"]
[Date "2000.01.29"]
[Round "8.6"]
[White "Borik, Otto"]
[Black "Heinbuch, Detlef"]
[Result "1-0"]
[WhiteElo "2416"]
[BlackElo "2394"]
[PlyCount "63"]
[EventDate "1999.10.09"]
[EventType "team"]
[EventRounds "15"]
[EventCountry "GER"]
[SourceTitle "Bundesliga 9900"]
[Source "DeepChess"]
[SourceDate "2005.01.01"]
[SourceVersion "1"]
[SourceVersionDate "2005.01.01"]
[SourceQuality "1"]
[WhiteTeam "Delmenhorster SK 1931"]
[BlackTeam "Godesberger SK 1929"]
[WhiteTeamCountry "GER"]
[BlackTeamCountry "GER"]

1. Nf3 d5 2. c4 dxc4 3. Na3 c5 4. Nxc4 Nc6 5. g3 b5 6. Ne3 Rb8 7. a4 a6 8. axb5
axb5 9. Bg2 Nf6 10. O-O e6 11. b3 Bb7 12. Bb2 Nd4 13. Nxd4 cxd4 14. Bxb7 Rxb7
15. Nc2 Bc5 16. b4 Bb6 17. Nxd4 O-O 18. e3 Qd5 19. Qf3 Bxd4 20. Qxd5 Nxd5 21.
Bxd4 Rd8 22. Bc5 f5 23. Ra6 Kf7 24. Rfa1 Nf6 25. d4 Ne4 26. Rc6 Nc3 27. Raa6
Re8 28. h4 Na4 29. Kg2 g6 30. Kf3 h6 31. d5 Nxc5 32. bxc5 1-0

[Event "Bundesliga 9900"]
[Site "Deutschland"]
[Date "2000.01.29"]
[Round "8.7"]
[White "Jackelen, Thomas"]
[Black "Beckemeier, Werner"]
[Result "1/2-1/2"]
[WhiteElo "2368"]
[BlackElo "2374"]
[PlyCount "115"]
[EventDate "1999.10.09"]
[EventType "team"]
[EventRounds "15"]
[EventCountry "GER"]
[SourceTitle "Bundesliga 9900"]
[Source "DeepChess"]
[SourceDate "2005.01.01"]
[SourceVersion "1"]
[SourceVersionDate "2005.01.01"]
[SourceQuality "1"]
[WhiteTeam "Godesberger SK 1929"]
[BlackTeam "Delmenhorster SK 1931"]
[WhiteTeamCountry "GER"]
[BlackTeamCountry "GER"]

1. Nf3 d5 2. c4 d4 3. g3 g6 4. Bg2 Bg7 5. d3 e5 6. O-O Ne7 7. b4 O-O 8. Nbd2
Re8 9. Nb3 c6 10. a4 Nd7 11. Ba3 Qc7 12. Nfd2 Rb8 13. Qc2 h5 14. Rfc1 Bh6 15.
Rab1 h4 16. a5 b6 17. axb6 axb6 18. Re1 Nf6 19. Bc1 hxg3 20. hxg3 Kg7 21. Ne4
Nxe4 22. Bxh6+ Kxh6 23. Bxe4 Kg7 24. Ra1 Rh8 25. e3 dxe3 26. Rxe3 Nf5 27. Re2
c5 28. Qb2 cxb4 29. Bd5 f6 30. d4 e4 31. Rxe4 Nd6 32. Re3 Bb7 33. Ra7 Kf8 34.
Bxb7 Rxb7 35. Ra8+ Kg7 36. Rxh8 Nxc4 37. Qe2 Nxe3 38. Re8 Nd5 39. Qe4 Qf7 40.
Rd8 Nc3 41. Qh4 g5 42. Qh8+ Kg6 43. g4 Qxb3 44. Rg8+ Qxg8 45. Qxg8+ Rg7 46. Qc4
Rd7 47. Qg8+ Rg7 48. Qe6 Ra7 49. Qxb6 Rd7 50. Kf1 Nd5 51. Qb8 Kf7 52. Ke2 Nf4+
53. Ke3 Ne6 54. Qxb4 Nxd4 55. Qxd4 Rxd4 56. Kxd4 Ke6 57. Ke4 Ke7 58. Kf5
1/2-1/2

[Event "Bundesliga 9900"]
[Site "Deutschland"]
[Date "2000.01.29"]
[Round "8.8"]
[White "Breutigam, Martin"]
[Black "Schmidt, Bodo"]
[Result "1-0"]
[WhiteElo "2343"]
[BlackElo "2383"]
[PlyCount "117"]
[EventDate "1999.10.09"]
[EventType "team"]
[EventRounds "15"]
[EventCountry "GER"]
[SourceTitle "Bundesliga 9900"]
[Source "DeepChess"]
[SourceDate "2005.01.01"]
[SourceVersion "1"]
[SourceVersionDate "2005.01.01"]
[SourceQuality "1"]
[WhiteTeam "Delmenhorster SK 1931"]
[BlackTeam "Godesberger SK 1929"]
[WhiteTeamCountry "GER"]
[BlackTeamCountry "GER"]

1. d4 d5 2. c4 c6 3. Nf3 Nf6 4. Nc3 a6 5. g3 b5 6. c5 Bf5 7. Bg2 h6 8. Ne5 e6
9. O-O Be7 10. Bf4 Qc8 11. f3 Nbd7 12. e4 Bh7 13. Nd3 O-O 14. e5 Ne8 15. Be3
Nc7 16. a4 bxa4 17. Nxa4 Qb7 18. Qd2 Rfb8 19. Ra3 Nb5 20. Ra2 Nc7 21. Ra3 Nb5
22. Ra2 Nc7 23. Rfa1 Qc8 24. Bf1 Qb7 25. Nf2 Qc8 26. Bd3 Bxd3 27. Nxd3 Rb3 28.
Nc1 Rb5 29. Nc3 Rb7 30. Nd3 Rb3 31. Ne2 Nf8 32. Nec1 Rbb8 33. b4 Nb5 34. Nf2
Ng6 35. Ncd3 Nc7 36. Kh1 Bf8 37. Nd1 Nb5 38. N1b2 Be7 39. h4 Ra7 40. h5 Nf8 41.
g4 Rba8 42. Na4 Bd8 43. Rg1 Nh7 44. f4 f6 45. Nb6 Bxb6 46. cxb6 Rb7 47. Nc5
Rxb6 48. exf6 gxf6 49. f5 e5 50. dxe5 fxe5 51. Bxh6 Qe8 52. Ne6 Rb7 53. Qh2 Nd4
54. Nxd4 exd4 55. Re2 Re7 56. Rge1 Raa7 57. Re6 Rxe6 58. Rxe6 Qd8 59. Rg6+ 1-0

[Event "Bundesliga 9900"]
[Site "Deutschland"]
[Date "2000.01.29"]
[Round "8.2"]
[White "Rogozenko, Dorian"]
[Black "Borriss, Martin"]
[Result "1-0"]
[WhiteElo "2562"]
[BlackElo "2440"]
[PlyCount "69"]
[EventDate "1999.10.09"]
[EventType "team"]
[EventRounds "15"]
[EventCountry "GER"]
[SourceTitle "Bundesliga 9900"]
[Source "DeepChess"]
[SourceDate "2005.01.01"]
[SourceVersion "1"]
[SourceVersionDate "2005.01.01"]
[SourceQuality "1"]
[WhiteTeam "USC Magdeburg"]
[BlackTeam "Dresdner SC 1898"]
[WhiteTeamCountry "GER"]
[BlackTeamCountry "GER"]

1. d4 Nf6 2. c4 g6 3. g3 Bg7 4. Bg2 O-O 5. Nc3 d6 6. Nf3 Nbd7 7. O-O e5 8. e4
a6 9. Re1 Rb8 10. h3 b5 11. cxb5 axb5 12. dxe5 dxe5 13. Qc2 Bb7 14. Nd2 Nc5 15.
Nxb5 Ncxe4 16. Nxe4 Bxe4 17. Bxe4 Nxe4 18. Na7 Ng5 19. Bxg5 Qxg5 20. Nc6 Rbe8
21. a4 f5 22. a5 e4 23. Ra3 f4 24. Rxe4 Rxe4 25. Qxe4 fxg3 26. Rxg3 Qc1+ 27.
Kg2 Qxb2 28. Rf3 Bf6 29. a6 Qa2 30. Nb4 Qa4 31. Qe6+ Kg7 32. Nd5 Bh4 33. Qe5+
Kg8 34. Rxf8+ Kxf8 35. Qf4+ 1-0

[Event "Bundesliga 9900"]
[Site "Deutschland"]
[Date "2000.01.29"]
[Round "8.3"]
[White "Maiwald, Jens Uwe"]
[Black "Baklan, Vladimir"]
[Result "0-1"]
[WhiteElo "2524"]
[BlackElo "2571"]
[PlyCount "66"]
[EventDate "1999.10.09"]
[EventType "team"]
[EventRounds "15"]
[EventCountry "GER"]
[SourceTitle "Bundesliga 9900"]
[Source "DeepChess"]
[SourceDate "2005.01.01"]
[SourceVersion "1"]
[SourceVersionDate "2005.01.01"]
[SourceQuality "1"]
[WhiteTeam "Dresdner SC 1898"]
[BlackTeam "USC Magdeburg"]
[WhiteTeamCountry "GER"]
[BlackTeamCountry "GER"]

1. e4 c5 2. d3 Nc6 3. g3 g6 4. Bg2 Bg7 5. f4 d6 6. Nf3 e6 7. O-O Nge7 8. c3 O-O
9. Be3 f5 10. Na3 Rb8 11. e5 Nd5 12. Qd2 Nxe3 13. Qxe3 b5 14. Rfe1 Qe7 15. d4
cxd4 16. Nxd4 Nxd4 17. cxd4 Rd8 18. Rac1 Bb7 19. Nb1 Bxg2 20. Kxg2 g5 21. fxg5
dxe5 22. dxe5 Rd5 23. Nc3 Rxe5 24. Qf4 Qb7+ 25. Kh3 Rxe1 26. Rxe1 Re8 27. a4
bxa4 28. Qxa4 Qf7 29. Qc6 e5 30. Nd5 Rd8 31. Ne3 f4 32. g6 hxg6 33. Ng4 g5 0-1

[Event "Bundesliga 9900"]
[Site "Deutschland"]
[Date "2000.01.29"]
[Round "8.4"]
[White "Proehl, Holger"]
[Black "Uhlmann, Wolfgang"]
[Result "1-0"]
[WhiteElo "2389"]
[BlackElo "2482"]
[PlyCount "103"]
[EventDate "1999.10.09"]
[EventType "team"]
[EventRounds "15"]
[EventCountry "GER"]
[SourceTitle "Bundesliga 9900"]
[Source "DeepChess"]
[SourceDate "2005.01.01"]
[SourceVersion "1"]
[SourceVersionDate "2005.01.01"]
[SourceQuality "1"]
[WhiteTeam "USC Magdeburg"]
[BlackTeam "Dresdner SC 1898"]
[WhiteTeamCountry "GER"]
[BlackTeamCountry "GER"]

1. e4 e6 2. d4 d5 3. Nd2 c5 4. exd5 exd5 5. Ngf3 Nc6 6. Be2 cxd4 7. O-O Bd6 8.
Nb3 Nge7 9. Nbxd4 O-O 10. c3 Bg4 11. Re1 Re8 12. Be3 a6 13. Ng5 Bxe2 14. Qxe2
h6 15. Ngf3 Bc7 16. Rad1 Qd6 17. Qd3 Nxd4 18. Bxd4 Nc6 19. g3 Rad8 20. Kg2 Nxd4
21. Nxd4 Bb6 22. Nf5 Qf6 23. Rxe8+ Rxe8 24. Qf3 Qe6 25. Rxd5 Bc7 26. Nd4 Qe7
27. Nf5 Qe6 28. Nd4 Qe7 29. Qg4 Rd8 30. Nf5 Qf6 31. Qe4 Rxd5 32. Ne7+ Kh8 33.
Nxd5 Qc6 34. c4 Bd6 35. b3 a5 36. Nc3 Qc8 37. Qd5 Bb4 38. Nb5 Kg8 39. Nd4 g6
40. h4 h5 41. Nf3 Bc3 42. Ng5 Qc7 43. Ne4 Bb4 44. f4 Qc6 45. Kf3 Qb6 46. f5
gxf5 47. Qxf5 Qg1 48. Nf6+ Kf8 49. Qc8+ Ke7 50. Nd5+ Kd6 51. Qd8+ Ke6 52. Nf4+
1-0

[Event "Bundesliga 9900"]
[Site "Deutschland"]
[Date "2000.01.29"]
[Round "8.5"]
[White "Goldberg, Alexander"]
[Black "Markgraf, Alexander"]
[Result "1-0"]
[WhiteElo "2398"]
[BlackElo "2276"]
[PlyCount "37"]
[EventDate "1999.10.09"]
[EventType "team"]
[EventRounds "15"]
[EventCountry "GER"]
[SourceTitle "Bundesliga 9900"]
[Source "DeepChess"]
[SourceDate "2005.01.01"]
[SourceVersion "1"]
[SourceVersionDate "2005.01.01"]
[SourceQuality "1"]
[WhiteTeam "Dresdner SC 1898"]
[BlackTeam "USC Magdeburg"]
[WhiteTeamCountry "GER"]
[BlackTeamCountry "GER"]

1. e4 g6 2. d4 Bg7 3. Nc3 c6 4. f4 d5 5. e5 h5 6. Nf3 Nh6 7. Be3 Bg4 8. Bf2 e6
9. Be2 Nf5 10. g3 Nd7 11. Qd3 Bf8 12. h3 Bxf3 13. Qxf3 Bb4 14. g4 Ne7 15. O-O-O
Qa5 16. Be1 c5 17. a3 cxd4 18. axb4 Qa1+ 19. Nb1 1-0

[Event "Bundesliga 9900"]
[Site "Deutschland"]
[Date "2000.01.29"]
[Round "8.6"]
[White "Darnstaedt, Frank"]
[Black "Heinatz, Thomas"]
[Result "0-1"]
[WhiteElo "2340"]
[BlackElo "2338"]
[PlyCount "128"]
[EventDate "1999.10.09"]
[EventType "team"]
[EventRounds "15"]
[EventCountry "GER"]
[SourceTitle "Bundesliga 9900"]
[Source "DeepChess"]
[SourceDate "2005.01.01"]
[SourceVersion "1"]
[SourceVersionDate "2005.01.01"]
[SourceQuality "1"]
[WhiteTeam "USC Magdeburg"]
[BlackTeam "Dresdner SC 1898"]
[WhiteTeamCountry "GER"]
[BlackTeamCountry "GER"]

1. e4 c5 2. c3 d6 3. d4 Nf6 4. Bd3 g6 5. Nf3 Bg7 6. h3 O-O 7. Be3 Na6 8. a3 b5
9. b4 c4 10. Bc2 Bb7 11. Nbd2 Nc7 12. O-O a5 13. Qe2 e6 14. Rfb1 Ra6 15. a4
axb4 16. Rxb4 Bc6 17. Rab1 bxa4 18. Qxc4 d5 19. Qf1 Nd7 20. Bf4 Ra7 21. Bd6 Re8
22. e5 Na6 23. R4b2 Qa5 24. Qd3 Rc8 25. c4 Bf8 26. Bxf8 Nxf8 27. Qa3 Nc7 28. h4
h5 29. Bd3 Ne8 30. Kh2 Qc7 31. c5 Rca8 32. Bb5 Nd7 33. Ng5 Ng7 34. Ndf3 Bxb5
35. Rxb5 f6 36. c6 Qxc6 37. exf6 Qc7+ 38. Kg1 Nxf6 39. Ne5 Ng4 40. Nxg6 Qh2+
41. Kf1 Nf5 42. Nf3 Qh1+ 43. Ke2 Qxg2 44. Rb8+ Kh7 45. Nf8+ Kh6 46. Qc1+ Nfe3
47. Ne5 Qxf2+ 48. Kd3 Qf5+ 49. Ke2 Qf2+ 50. Kd3 Qf5+ 51. Ke2 Rxb8 52. Rxb8 Qf2+
53. Kd3 Qf5+ 54. Ke2 Qc2+ 55. Qxc2 Nxc2 56. Nxe6 Nxe5 57. dxe5 a3 58. Rb6 Kh7
59. Ng5+ Kg7 60. Ne6+ Kg8 61. Rb8+ Kf7 62. Nd8+ Kg6 63. Rb6+ Kh7 64. Nc6 a2 0-1

[Event "Bundesliga 9900"]
[Site "Deutschland"]
[Date "2000.01.29"]
[Round "8.7"]
[White "Wegener, Dirk"]
[Black "Kapischka, Jens"]
[Result "1/2-1/2"]
[WhiteElo "2307"]
[BlackElo "2275"]
[PlyCount "82"]
[EventDate "1999.10.09"]
[EventType "team"]
[EventRounds "15"]
[EventCountry "GER"]
[SourceTitle "Bundesliga 9900"]
[Source "DeepChess"]
[SourceDate "2005.01.01"]
[SourceVersion "1"]
[SourceVersionDate "2005.01.01"]
[SourceQuality "1"]
[WhiteTeam "Dresdner SC 1898"]
[BlackTeam "USC Magdeburg"]
[WhiteTeamCountry "GER"]
[BlackTeamCountry "GER"]

1. e4 c5 2. Nf3 d6 3. d4 cxd4 4. Nxd4 Nf6 5. Nc3 a6 6. Bg5 e6 7. f4 Nbd7 8. Qf3
Qc7 9. O-O-O b5 10. Bd3 b4 11. Nd5 exd5 12. exd5 Bb7 13. Nc6 Bxc6 14. dxc6 Nc5
15. Rhe1+ Kd8 16. Qd5 Ne6 17. Bxf6+ gxf6 18. Bf5 Ra7 19. Bxe6 fxe6 20. Rxe6 Be7
21. Rde1 Qb8 22. Qa5+ Qc7 23. Qxb4 Re8 24. Qc4 Qb6 25. R6e3 Qc5 26. Qe4 f5 27.
Qf3 Rc7 28. Rc3 Qa5 29. a3 Rf8 30. Qe2 Qb5 31. Qe6 Re8 32. Kb1 Rxc6 33. Rb3 Qc5
34. Rb8+ Rc8 35. Rb7 Qxc2+ 36. Ka1 Rc7 37. Rb8+ Rc8 38. Rb7 Rc7 39. Rb8+ Rc8
40. Rb7 Rc7 41. Rb8+ Rc8 1/2-1/2

[Event "Bundesliga 9900"]
[Site "Deutschland"]
[Date "2000.01.29"]
[Round "8.8"]
[White "Studeny, Steffen"]
[Black "Andresen, Steffen"]
[Result "0-1"]
[WhiteElo "2272"]
[BlackElo "2299"]
[PlyCount "68"]
[EventDate "1999.10.09"]
[EventType "team"]
[EventRounds "15"]
[EventCountry "GER"]
[SourceTitle "Bundesliga 9900"]
[Source "DeepChess"]
[SourceDate "2005.01.01"]
[SourceVersion "1"]
[SourceVersionDate "2005.01.01"]
[SourceQuality "1"]
[WhiteTeam "USC Magdeburg"]
[BlackTeam "Dresdner SC 1898"]
[WhiteTeamCountry "GER"]
[BlackTeamCountry "GER"]

1. d4 Nf6 2. Nf3 e6 3. c4 b6 4. e3 Bb7 5. Bd3 d5 6. cxd5 exd5 7. O-O Bd6 8. Nc3
O-O 9. b3 Ne4 10. Bb2 Nxc3 11. Bxc3 Nd7 12. a4 a5 13. Qc2 Nf6 14. Bb2 Qe7 15.
Rac1 Ne4 16. Ne5 f6 17. Nc6 Qe8 18. Bb5 Qh5 19. f4 Bc8 20. Bd3 Re8 21. Be2 Qg6
22. Bd3 Bf5 23. Rfe1 h5 24. Qd1 h4 25. Rc2 h3 26. Qf3 Kh8 27. Bxe4 Rxe4 28.
Rcc1 Rae8 29. Kf2 hxg2 30. Bc3 Bxf4 31. Qxf4 Rxf4+ 32. exf4 Rxe1 33. Rxe1 Be4
34. Bd2 Qg4 0-1

[Event "Bundesliga 9900"]
[Site "Deutschland"]
[Date "2000.01.29"]
[Round "8.1"]
[White "Ftacnik, Lubomir"]
[Black "Schlosser, Philipp"]
[Result "1/2-1/2"]
[WhiteElo "2579"]
[BlackElo "2505"]
[PlyCount "82"]
[EventDate "1999.10.09"]
[EventType "team"]
[EventRounds "15"]
[EventCountry "GER"]
[SourceTitle "Bundesliga 9900"]
[Source "DeepChess"]
[SourceDate "2005.01.01"]
[SourceVersion "1"]
[SourceVersionDate "2005.01.01"]
[SourceQuality "1"]
[WhiteTeam "Hamburger SK 1830 e.V."]
[BlackTeam "SK Passau 1869"]
[WhiteTeamCountry "GER"]
[BlackTeamCountry "GER"]

1. Nf3 Nf6 2. c4 e6 3. g3 d5 4. Bg2 dxc4 5. Qa4+ Nbd7 6. Qxc4 c5 7. Nc3 b6 8.
Ng5 Rb8 9. O-O a6 10. a4 Ne5 11. Qa2 h6 12. Nge4 Nxe4 13. Bxe4 Bd6 14. d3 O-O
15. Bd2 Ng4 16. Bg2 Nf6 17. Qc4 Qe7 18. f4 Rd8 19. h3 Qe8 20. Rad1 b5 21. axb5
axb5 22. Qb3 Bb7 23. Bxb7 Rxb7 24. e4 Bf8 25. Be3 Qc6 26. Qc2 Rbd7 27. e5 Nd5
28. Nxd5 Rxd5 29. Rd2 c4 30. dxc4 Rxd2 31. Bxd2 bxc4 32. Bc3 Rd3 33. Qg2 Qa4
34. f5 exf5 35. Rxf5 Qd7 36. Rf1 h5 37. Kh2 Qe6 38. Qe4 Be7 39. Qa8+ Rd8 40.
Qe4 g6 41. Ra1 Bf8 1/2-1/2

[Event "Bundesliga 9900"]
[Site "Deutschland"]
[Date "2000.01.29"]
[Round "8.2"]
[White "Ribli, Zoltan"]
[Black "Kempinski, Robert"]
[Result "1/2-1/2"]
[WhiteElo "2569"]
[BlackElo "2528"]
[PlyCount "34"]
[EventDate "1999.10.09"]
[EventType "team"]
[EventRounds "15"]
[EventCountry "GER"]
[SourceTitle "Bundesliga 9900"]
[Source "DeepChess"]
[SourceDate "2005.01.01"]
[SourceVersion "1"]
[SourceVersionDate "2005.01.01"]
[SourceQuality "1"]
[WhiteTeam "SK Passau 1869"]
[BlackTeam "Hamburger SK 1830 e.V."]
[WhiteTeamCountry "GER"]
[BlackTeamCountry "GER"]

1. Nf3 Nf6 2. c4 g6 3. Nc3 Bg7 4. g3 O-O 5. Bg2 d6 6. O-O Bd7 7. d4 Re8 8. b3
e5 9. dxe5 dxe5 10. Ng5 Bc6 11. Qxd8 Rxd8 12. Nge4 Nxe4 13. Nxe4 Nd7 14. Ba3 f5
15. Ng5 Bxg2 16. Kxg2 Re8 17. Rad1 Nf6 1/2-1/2

[Event "Bundesliga 9900"]
[Site "Deutschland"]
[Date "2000.01.29"]
[Round "8.3"]
[White "Wahls, Matthias"]
[Black "Wells, Peter K"]
[Result "1-0"]
[WhiteElo "2579"]
[BlackElo "2483"]
[PlyCount "69"]
[EventDate "1999.10.09"]
[EventType "team"]
[EventRounds "15"]
[EventCountry "GER"]
[SourceTitle "Bundesliga 9900"]
[Source "DeepChess"]
[SourceDate "2005.01.01"]
[SourceVersion "1"]
[SourceVersionDate "2005.01.01"]
[SourceQuality "1"]
[WhiteTeam "Hamburger SK 1830 e.V."]
[BlackTeam "SK Passau 1869"]
[WhiteTeamCountry "GER"]
[BlackTeamCountry "GER"]

1. c4 e6 2. Nf3 Nf6 3. g3 a6 4. b3 c5 5. Bg2 b5 6. Nc3 Qb6 7. e4 d6 8. Qe2 Nc6
9. e5 dxe5 10. cxb5 axb5 11. Qxb5 Qxb5 12. Nxb5 Nd5 13. Bb2 Ba6 14. a4 f6 15.
O-O Kd7 16. Rfb1 Be7 17. Bf1 Rhb8 18. Ne1 Nd4 19. Bxd4 cxd4 20. Nc2 Nb4 21.
Nca3 d3 22. Bg2 Bb7 23. Nc3 Nc2 24. Nxc2 dxc2 25. Rc1 Bxg2 26. Kxg2 Rxb3 27.
Rxc2 Bb4 28. Nb5 Ba5 29. d4 Bb6 30. Rd1 Rxa4 31. dxe5+ Ke7 32. exf6+ gxf6 33.
Nd6 f5 34. Re2 Kf6 35. Rde1 1-0

[Event "Bundesliga 9900"]
[Site "Deutschland"]
[Date "2000.01.29"]
[Round "8.5"]
[White "Heinemann, Thies"]
[Black "Enders, Peter"]
[Result "0-1"]
[WhiteElo "2479"]
[BlackElo "2478"]
[PlyCount "168"]
[EventDate "1999.10.09"]
[EventType "team"]
[EventRounds "15"]
[EventCountry "GER"]
[SourceTitle "Bundesliga 9900"]
[Source "DeepChess"]
[SourceDate "2005.01.01"]
[SourceVersion "1"]
[SourceVersionDate "2005.01.01"]
[SourceQuality "1"]
[WhiteTeam "Hamburger SK 1830 e.V."]
[BlackTeam "SK Passau 1869"]
[WhiteTeamCountry "GER"]
[BlackTeamCountry "GER"]

1. e4 e5 2. Bc4 Nf6 3. d3 c6 4. Nf3 Be7 5. O-O d6 6. Re1 O-O 7. a4 Nbd7 8. Nc3
Nc5 9. d4 exd4 10. Nxd4 Re8 11. Bf4 Bf8 12. e5 dxe5 13. Rxe5 Bg4 14. f3 Bh5 15.
Rxe8 Nxe8 16. a5 Bg6 17. Be3 Nc7 18. Qe2 a6 19. Qf2 Qe7 20. Nce2 Re8 21. Bd2
N5e6 22. Nxe6 Nxe6 23. c3 Qc5 24. Qxc5 Bxc5+ 25. Kf1 Rd8 26. Be1 h6 27. b4 Be7
28. Bf2 Bf6 29. Ke1 Bd3 30. Bxd3 Rxd3 31. Rd1 Bxc3+ 32. Nxc3 Rxc3 33. Rd7 Rc1+
34. Kd2 Rb1 35. Rxb7 Rb2+ 36. Ke3 c5 37. Ra7 cxb4 38. Rxa6 Ra2 39. Be1 Ra3+ 40.
Kf2 Nc5 41. Ra8+ Kh7 42. Kg3 Nd3 43. Bf2 b3 44. Rb8 Rxa5 45. h4 g5 46. Be3 b2
47. Bd4 gxh4+ 48. Kh2 Ra2 49. Rb6 h5 50. f4 f5 51. Bf6 h3 52. Kxh3 Nxf4+ 53.
Kg3 Nd3 54. Kh4 Ra4+ 55. Kg5 Rg4+ 56. Kxf5 Rxg2 57. Ke4 Nc5+ 58. Kf3 Rg6 59.
Rxb2 Rxf6+ 60. Kg3 Ne6 61. Kh4 Rf5 62. Rb3 Kg6 63. Rb6 Rf4+ 64. Kg3 Rg4+ 65.
Kh3 Re4 66. Kg3 Kf5 67. Rb5+ Re5 68. Rb2 Kg5 69. Rb4 Ng7 70. Kf2 Nf5 71. Ra4
Rd5 72. Kg2 Rd2+ 73. Kh3 Rd3+ 74. Kh2 Rd4 75. Ra8 Kg4 76. Ra3 Rd2+ 77. Kg1 Re2
78. Rc3 Ne3 79. Rc8 Kg3 80. Rg8+ Ng4 81. Kf1 Rg2 82. Rb8 Nh2+ 83. Ke1 Nf3+ 84.
Kf1 Rf2# 0-1

[Event "Bundesliga 9900"]
[Site "Deutschland"]
[Date "2000.01.29"]
[Round "8.7"]
[White "Gustafsson, Jan"]
[Black "Renner, Christoph"]
[Result "1/2-1/2"]
[WhiteElo "2484"]
[BlackElo "2442"]
[PlyCount "39"]
[EventDate "1999.10.09"]
[EventType "team"]
[EventRounds "15"]
[EventCountry "GER"]
[SourceTitle "Bundesliga 9900"]
[Source "DeepChess"]
[SourceDate "2005.01.01"]
[SourceVersion "1"]
[SourceVersionDate "2005.01.01"]
[SourceQuality "1"]
[WhiteTeam "Hamburger SK 1830 e.V."]
[BlackTeam "SK Passau 1869"]
[WhiteTeamCountry "GER"]
[BlackTeamCountry "GER"]

1. d4 f5 2. Bg5 g6 3. Nd2 Bg7 4. e4 fxe4 5. Nxe4 Nc6 6. Nf3 Nf6 7. Nxf6+ exf6
8. Be3 d5 9. Qd2 Bg4 10. Be2 Qd7 11. h3 Bf5 12. O-O-O O-O-O 13. Ne1 g5 14. Nd3
b6 15. g4 Be4 16. Rhe1 Rde8 17. f3 Bg6 18. f4 h5 19. f5 Bf7 20. Bf3 1/2-1/2

[Event "Bundesliga 9900"]
[Site "Deutschland"]
[Date "2000.01.29"]
[Round "8.8"]
[White "Schmidt, Peter"]
[Black "Reeh, Oliver"]
[Result "0-1"]
[WhiteElo "2392"]
[BlackElo "2399"]
[PlyCount "114"]
[EventDate "1999.10.09"]
[EventType "team"]
[EventRounds "15"]
[EventCountry "GER"]
[SourceTitle "Bundesliga 9900"]
[Source "DeepChess"]
[SourceDate "2005.01.01"]
[SourceVersion "1"]
[SourceVersionDate "2005.01.01"]
[SourceQuality "1"]
[WhiteTeam "SK Passau 1869"]
[BlackTeam "Hamburger SK 1830 e.V."]
[WhiteTeamCountry "GER"]
[BlackTeamCountry "GER"]

1. Nf3 g6 2. e4 Bg7 3. d4 d6 4. c4 Nf6 5. Nc3 O-O 6. Be2 c5 7. O-O cxd4 8. Nxd4
Nc6 9. Be3 Bd7 10. Qd2 Nxd4 11. Bxd4 Bc6 12. Bf3 a5 13. Rae1 a4 14. Bd1 Qa5 15.
f4 Nd7 16. Bxg7 Kxg7 17. Re3 f6 18. Bg4 Nc5 19. Rfe1 Rad8 20. Rh3 Rf7 21. Kh1
Kh8 22. Be2 e5 23. Rf1 Qc7 24. Qe3 exf4 25. Rxf4 Re8 26. Qf2 Nxe4 27. Nxe4 Rxe4
28. Rxf6 Rxf6 29. Qxf6+ Qg7 30. Qxg7+ Kxg7 31. Bf1 Re1 32. Kg1 Ra1 33. Re3 b5
34. cxb5 Bxb5 35. Rf3 d5 36. a3 d4 37. Rf2 Rb1 38. g3 h5 39. h4 Bxf1 40. Rxf1
Rxb2 41. Rd1 Rb3 42. Rxd4 Rxg3+ 43. Kh2 Rxa3 44. Rf4 Ra2+ 45. Kg3 Ra1 46. Kh3
a3 47. Ra4 Kf6 48. Ra5 Ke6 49. Kg2 Kd6 50. Rg5 Rb1 51. Rxg6+ Kc5 52. Ra6 Rb2+
53. Kf3 Kb4 54. Ke4 Rd2 55. Rb6+ Kc3 56. Rc6+ Kb2 57. Rb6+ Kc1 0-1

[Event "Bundesliga 9900"]
[Site "Deutschland"]
[Date "2000.01.29"]
[Round "8.1"]
[White "Shirov, Alexei"]
[Black "Khenkin, Igor"]
[Result "1/2-1/2"]
[WhiteElo "2751"]
[BlackElo "2622"]
[PlyCount "82"]
[EventDate "1999.10.09"]
[EventType "team"]
[EventRounds "15"]
[EventCountry "GER"]
[SourceTitle "Bundesliga 9900"]
[Source "DeepChess"]
[SourceDate "2005.01.01"]
[SourceVersion "1"]
[SourceVersionDate "2005.01.01"]
[SourceQuality "1"]
[WhiteTeam "Luebecker SV von 1873 "]
[BlackTeam "TV Tegernsee"]
[WhiteTeamCountry "GER"]
[BlackTeamCountry "GER"]

1. e4 c6 2. d4 d5 3. e5 Bf5 4. Nc3 e6 5. g4 Bg6 6. Nge2 c5 7. h4 h5 8. Nf4 Nc6
9. Nxg6 fxg6 10. Ne2 Qb6 11. Nf4 cxd4 12. Bd3 Nxe5 13. Nxg6 Nxg6 14. Bxg6+ Kd7
15. gxh5 Ne7 16. Bf7 Nf5 17. O-O Bb4 18. Bg5 Raf8 19. Bg6 Be7 20. Qg4 Bxg5 21.
hxg5 Qd6 22. Rae1 Ne7 23. f4 Nxg6 24. hxg6 Rf5 25. Kg2 Rhf8 26. Kg3 Kc7 27. Rf2
e5 28. fxe5 Rxe5 29. Rxf8 Rxg5+ 30. Rf4 Rxg4+ 31. Kxg4 Qxg6+ 32. Kf3 Qxc2 33.
Rxd4 Qxb2 34. Rxd5 Kc6 35. Rg5 Qxa2 36. Rg6+ Kc5 37. Re5+ Kd4 38. Re4+ Kd5 39.
Rg5+ Kd6 40. Rg6+ Kd5 41. Rg5+ Kd6 1/2-1/2

[Event "Bundesliga 9900"]
[Site "Deutschland"]
[Date "2000.01.29"]
[Round "8.5"]
[White "Hansen, Lars Bo"]
[Black "Pezerovic, Edin"]
[Result "1-0"]
[WhiteElo "2569"]
[BlackElo "2436"]
[PlyCount "81"]
[EventDate "1999.10.09"]
[EventType "team"]
[EventRounds "15"]
[EventCountry "GER"]
[SourceTitle "Bundesliga 9900"]
[Source "DeepChess"]
[SourceDate "2005.01.01"]
[SourceVersion "1"]
[SourceVersionDate "2005.01.01"]
[SourceQuality "1"]
[WhiteTeam "Luebecker SV von 1873 "]
[BlackTeam "TV Tegernsee"]
[WhiteTeamCountry "GER"]
[BlackTeamCountry "GER"]

1. d4 Nf6 2. c4 e6 3. Nc3 Bb4 4. Qc2 d5 5. cxd5 exd5 6. Bg5 c6 7. a3 Bd6 8. e3
Bg4 9. Bd3 Nbd7 10. Nge2 Qc7 11. f3 Bh5 12. e4 dxe4 13. fxe4 h6 14. Bd2 O-O-O
15. e5 Bxe5 16. dxe5 Nxe5 17. Bf5+ Kb8 18. O-O-O g6 19. Bf4 Rde8 20. Bd3 g5 21.
Bxe5 Qxe5 22. h3 g4 23. Kb1 Re7 24. Rdf1 Rd8 25. Nf4 Qe3 26. Ka2 g3 27. Qb3 Rd4
28. Re1 Qxe1 29. Rxe1 Rxe1 30. Nxh5 Nxh5 31. Qxf7 Rxd3 32. Qxh5 Re6 33. Qf7
Rde3 34. Qd7 a6 35. Qd8+ Ka7 36. Qd4+ Kb8 37. Na4 R3e4 38. Qd8+ Ka7 39. Qb6+
Kb8 40. Nc5 Re7 41. Nxe4 1-0